00453nam a22001217a 4500999001700000100002900017245006900046260002700115300000900142650006600151942001100217952010300228 c67353d67350 aHalar Ali Jumania17EL38 aModeling and Simulation of Power Inverter in Photovoltaic System aNawabshahbQUESTc2020 a47p. aPhotovoltaic Systema Power InverteraModeling and Simulation cTHESIS 00104070aRESEARCHbRESEARCHd2021-09-27l0pELP/58-485r2021-09-27 00:00:00w2021-09-27yTHESIS